| 000 | 01030cam a22003133a 4500 | ||
|---|---|---|---|
| 001 | 1005 | ||
| 005 | 20230815143035.0 | ||
| 008 | 890602s1989 nyua j 000 1 eng d | ||
| 020 | _a0590417827 : | ||
| 020 | _a9780590442640 | ||
| 020 | _a9780590417822 | ||
| 040 |
_aVTL _cVTL _dPRC _dTCA _dOCL _dBTCTA _dLPU _dDLC _beng |
||
| 050 | 0 | 0 | _aPZ7.M3567585 |
| 082 | _a813.54 | ||
| 100 | 1 |
_aMartin, Ann M., _d1955- |
|
| 245 | 1 | 0 |
_aKaren's Kittycat Club / _cAnn M. Martin ; illustrations by Susan Tang. |
| 260 |
_aNew York : _bScholastic, _c1989. |
||
| 300 |
_a102 pages : _billustrations ; _c20 cm |
||
| 490 | 1 |
_aBaby-sitters little sister ; _vBook 4 |
|
| 500 | _a"A little Apple paperback." | ||
| 505 | _aN | ||
| 520 | _aKaren wants to start a club like her big sister, but instead of babysitting they will cat-sit. | ||
| 521 |
_a560
_bLexile |
||
| 521 |
_aN
_bRaz-Plus |
||
| 655 | 7 |
_aChildren's stories. _2lcsh |
|
| 700 | 1 | _aTang, Susan | |
| 906 |
_a7 _bcbc _ccopycat _d2 _encip _f20 _gy-genrareb |
||
| 942 |
_2ddc _cBK _n0 |
||
| 999 |
_c1005 _d1005 |
||